| 000 | 00468 a2200157 4500 | ||
|---|---|---|---|
| 020 | _a0-8031-1581-4 | ||
| 082 |
_a624.18341 AST _bL-36-P-86 |
||
| 090 |
_c3047 _d3047 |
||
| 100 |
_aASTM _925089 |
||
| 245 |
_aANNUAL BOOK OF ASTM STANDARDS 1990 _bCEMENT, LIME, GYPSUM |
||
| 260 |
_aNEW YARK _bASTM PUBLICSTION _c1990 |
||
| 300 |
_aXV, 558P. _c28CM |
||
| 500 | _aCONSTRUCTION | ||
| 526 |
_a0 _b0 _c0 _d624_183410000000000_AST_L36P86 |
||
| 942 |
_2ddc _aMCE _cBOOK _k624.18341 AST |
||
| 999 |
_c547169 _d547169 |
||